LEADER 01202nam a2200289 u 4500 001 000000028931 003 CaOOAMICUS 005 20070226111846.0 008 961127s1990 it u000 u ita u 020 $a8877060905 035 $a10746675 040 $aMSA$bita 245 00$aVent'anni di bioetica :$bidee, protagonisti, istituzioni /$ca cura di Corrado Viafora. 260 $aPadova :$bFondazione Lanza :$bGregoriana Libreria Editrice,$c1990. 300 $a462 p. ;$c25 cm 490 1 $aProgetti 504 $aRiferimenti bibliografici: p. [435]-449. 650 4$aBioetica.$0(OLS)http://pul/subject/2868 700 1 $aViafora, Corrado.$0(OLS)http://pul/name/23479 830 0$aProgetti.$0(OLS)http://pul/title/39528 850 $aPUL 852 $aPUL$W1$xSL Religione 1$y3$m39 B 134$j40135$nBK-PRI$b $qStampati$B40135$CPULBib$Z2$F40135 $H $81 941 1 $a8 961 $aINV: 66233 996 $6020$a8877060905$9(OLS)http://pul/number/36003 996 $6245$aVent'anni di bioetica :$bidee, protagonisti, istituzioni$9(OLS)http://pul/title/39530 996 $6260$aPadova :$bFondazione Lanza :$bGregoriana Libreria Editrice$9(OLS)http://pul/publisher/60226 LEADER 01363nam a2200289 a 4500 001 000000157722 003 CaOOAMICUS 005 20161220111224.0 008 161220s1974 sz u000 u ger r 032 $aLibriCat 040 $aPUL$bita 100 1 $aSpölgen, Johannes.$0(OLS)http://pul/name/92653 245 10$aJugendpastoral als soziale Entwicklung durch Planung und Organisation :$bDargestellt am Beispiel der Pastoralregion Düren /$cJohannes Spölgen. 260 $aZürich :$bBenziger,$c1974. 300 $a200 p. ;$c23 cm. 502 $aTesi -- Université de Fribourg. Faculté de Theologie. 1973. 504 $aBibliografia in nota a piè pagina. 650 4$aPastorale giovanile.$0(OLS)http://pul/subject/41855 710 2 $aUniversité de Fribourg.$kTesi.$0(OLS)http://pul/name/100562 850 $aPUL 852 $aPUL$W1$xDP1 Tesi Univ. Friburgo$y37$mTH FRI 78$j181059$qTesi$B184189$CPULBib$Z2$F184189 $H41751 $82 910 $aUniversità di Friburgo$kTesi$9100562 910 $aUniversität Freiburg (Schweiz).$kTesi$9100562 941 1 $a16 996 $6245$aJugendpastoral als soziale Entwicklung durch Planung und Organisation :$bDargestellt am Beispiel der Pastoralregion Düren$9(OLS)http://pul/title/197321 996 $6260$aZürich :$bBenziger$9(OLS)http://pul/publisher/60632